Performance : creating the performance-driven organization

Bibliographic Details
Main Author: Stiffler, Mark A.
Format: Book
Published: New Jersey : John Wiley & Sons, Inc , 2006
Subjects:

MARC

LEADER 00000cam a2200000 7i4500
001 0000098625
005 20060315.0
020 |a 0471732729 
090 0 0 |a 658.3125   |b STI 
100 1 |a Stiffler, Mark A. 
245 1 0 |a Performance :   |b creating the performance-driven organization   |c Mark A. Stiffler 
260 |a New Jersey :   |b John Wiley & Sons, Inc ,   |c 2006 
300 |a 204p. ;   |c 24cm. 
650 0 0 |a Employees   |x Rating of 
650 0 0 |a Performance standards 
650 0 0 |a Personnel management 
999 |a 00189699   |b BUKU   |c PINJAMAN   |e PERPUSTAKAAN KOMUNITI PETALING JAYA